| 000 | 00612nam a2200217 a 4500 | ||
|---|---|---|---|
| 999 |
_c5772 _d5772 |
||
| 001 | 5772 | ||
| 003 | BD-JhCC | ||
| 005 | 20171221194624.0 | ||
| 008 | 171221s1994 n |||| || | 001 0 eng d | ||
| 035 | _a(BD-JhCC)5772 | ||
| 040 |
_aBD-JhCC _dBD-JhCC |
||
| 041 | _aeng | ||
| 082 |
_a428.24 _bMAC 1994 |
||
| 100 | _aMaclin, Alice | ||
| 245 |
_aReference Guide to English : _ba Handbook of English as a second language / _cAlice Maclin, |
||
| 260 |
_aUSA : _bUnited States Information Agency, _c1994. |
||
| 300 |
_a405 p. : _c23 cm. |
||
| 650 |
_aEnglish Language _xGrammar |
||
| 942 |
_2ddc _cBK |
||